| 000 | 00716cam a22002537a 4500 | ||
|---|---|---|---|
| 003 | CHAP | ||
| 005 | 20220329140556.0 | ||
| 008 | 971013s r 00010 d | ||
| 010 | _a54188 | ||
| 011 | _a55160 | ||
| 035 | _a59312 | ||
| 040 | _cCHAP | ||
| 090 | _aR-941 | ||
| 100 | 0 | 0 |
_aRyan, M. F. _9101027 |
| 245 | 1 | 4 | _aThe natural mortality of wheat-bulb fly larvae |
| 500 | _aSobretiro de : J. Appl. Ecol. 10 : 875-879, 1973 | ||
| 590 |
_aBATCH-UPD _b10 _c20130110 _lUCH01 _h0824 |
||
| 590 |
_aCONVERSION _b10 _c20130109 _lUCH01 _h1329 |
||
| 650 | 1 | 4 |
_aLeptohylemyia coarchtata. _966278 |
| 650 | 1 | 4 |
_aTrigo _xPlagas. _9115076 |
| 901 | _aBK | ||
| 942 | _cREIMP | ||
| 949 |
_aR-941 _bBC _cR _d-128248 _eTS1 _i59312 _si |
||
| 999 |
_c54188 _d54188 |
||